AFC Bournemouth Squad 2022-2023 - Statistics

General Stats
  • This quiz has been taken 165 times
    137 since last reset
  • The average score is 18 of 35
Answer Stats
# Position Nation Player % Correct
13 GK Brazil Neto
84%
9 FW England Dominic Solanke
80%
4 MF England Lewis Cook
76%
29 MF Denmark Philip Billing
76%
6 DF Wales Chris Mepham
75%
8 MF Colombia Jefferson Lerma
75%
1 GK Ireland Mark Travers
75%
15 DF England Adam Smith
72%
21 FW Wales Kieffer Moore
68%
25 DF Argentina Marcos Senesi
67%
7 FW Wales David Brooks
60%
- Coach England Gary O'Neil
56%
22 MF Ivory Coast Hamed Junior Traorè
56%
5 DF England Lloyd Kelly
56%
10 MF Scotland Ryan Christie
56%
- Coach England Scott Parker
55%
33 DF Zimbabwe Jordan Zemura
53%
16 MF England Marcus Tavernier
51%
11 FW Burkina Faso Dango Ouattara
49%
12 GK Ireland Darren Randolph
49%
27 DF Ukraine Illya Zabarnyi
49%
18 DF Uruguay Matías Viña
49%
32 FW England Jaidon Anthony
48%
24 FW Ghana Antoine Semenyo
41%
3 DF England Jack Stephens
36%
2 DF England Ryan Fredericks
35%
17 DF England Jack Stacey
33%
18 FW Jamaica Jamal Lowe
33%
14 MF England Joe Rothwell
33%
11 MF Denmark Emiliano Marcondes
32%
22 MF England Ben Pearson
31%
20 FW Scotland Siriki Dembélé
29%
19 FW England Junior Stanislas
27%
23 DF England James Hill
17%
40 GK England Will Dennis
15%
No matching quizzes found
Score Distribution
Percent of People with Each Score
Percentile by Number Answered
Your Score History
You have not taken this quiz since the last reset